[Event "XIX Carlos Torre Mem"]
[Site "Merida MEX"]
[Date "2006.12.16"]
[Round "4"]
[White "Hungaski,R"]
[Black "Prieto,E"]
[Result "1-0"]
[WhiteElo "2366"]
[BlackElo "2146"]
[EventDate "2006.12.14"]

1. Nf3 Nf6 2. c4 g6 3. Nc3 d5 4. Qa4+ Bd7 5. Qb3 dxc4 6. Qxc4 Bg7 7. e4 O-O
8. e5 Ne8 9. d4 c6 10. Be2 Be6 11. Qb4 b5 12. Ne4 Nd7 13. Be3 Nc7 14. Qa5
Nb6 15. b3 Ncd5 16. Rc1 Nxe3 17. fxe3 Bh6 18. Qd2 Nd5 19. Neg5 Bg4 20. e4
Bxf3 21. Bxf3 Nb6 22. h4 Qd7 23. e6 Bxg5 24. exd7 Bxd2+ 25. Kxd2 Rfd8 26.
Rxc6 Rxd7 27. Ke3 e6 28. g4 Rad8 29. Rd1 e5 30. d5 Nc8 31. g5 Nd6 32. Bg4
Rb7 33. Rdc1 a5 34. Rc7 Rxc7 35. Rxc7 a4 36. Re7 axb3 37. axb3 Kf8 38. Rxe5
Ra8 39. Kd4 Nb7 40. Bd7 Na5 41. Kc3 Rb8 42. Kb4 Nb7 43. Kxb5 Nd6+ 44. Kc5
Nb7+ 45. Kb6 1-0

[Event "XIX Carlos Torre Mem"]
[Site "Merida MEX"]
[Date "2006.12.19"]
[Round "7"]
[White "Arencibia,W"]
[Black "Martin del Campo,R"]
[Result "1-0"]
[WhiteElo "2530"]
[BlackElo "2455"]
[EventDate "2006.12.14"]

1. e4 c5 2. Nf3 d6 3. d4 cxd4 4. Nxd4 Nf6 5. Nc3 a6 6. Be2 e5 7. Nb3 Be7 8.
O-O O-O 9. Kh1 b5 10. a4 Bb7 11. f3 b4 12. Nd5 Nxd5 13. exd5 a5 14. Be3 Nd7
15. c4 Bg5 16. f4 Bxf4 17. Bxf4 exf4 18. Rxf4 Qg5 19. Qd2 Nf6 20. Raf1 Bc8
21. Nd4 Bd7 22. Nf3 Qh6 23. Qd4 Rfe8 24. Bd3 Bxa4 25. g4 Qh3 26. Rg1 h5 27.
Bf1 Qxf3+ 28. Rxf3 Re4 29. Qd3 Rxg4 30. Rxg4 Nxg4 31. Qf5 Ne5 32. Rh3 h4
33. Re3 Bd7 34. Qf4 a4 35. c5 a3 36. bxa3 bxa3 37. Re1 f6 38. c6 Bg4 39.
Ra1 h3 40. c7 a2 41. Qb4 1-0

[Event "XIX Carlos Torre Mem"]
[Site "Merida MEX"]
[Date "2006.12.19"]
[Round "7"]
[White "Dominguez Aguilar,G"]
[Black "Corrales,Fi"]
[Result "1-0"]
[WhiteElo "2378"]
[BlackElo "2496"]
[EventDate "2006.12.14"]

1. e4 c5 2. Nf3 d6 3. d4 cxd4 4. Nxd4 Nf6 5. Nc3 g6 6. Be3 Bg7 7. f3 O-O 8.
Qd2 Nc6 9. Bc4 Bd7 10. Bb3 Na5 11. h4 Nxb3 12. axb3 Re8 13. h5 Nxh5 14. g4
Nf6 15. Qh2 e6 16. Qxd6 e5 17. Nde2 a6 18. g5 Nh5 19. Bb6 Qc8 20. Nd5 Bf8
21. Qc7 Re6 22. Nec3 Qe8 23. Be3 Rc8 24. Qa5 Rec6 25. O-O-O b5 26. Kb1 Be6
27. Rd3 Kg7 28. Rd2 Kh8 29. Rdh2 Bg7 30. Nb4 Rd6 31. Nxa6 Ra8 32. Nc7 Rxa5
33. Nxe8 Rda6 34. Kc1 Bf8 35. Nc7 Ra1+ 36. Kd2 Rd6+ 37. N3d5 Ra5 38. Bc5
Rd8 39. Bb6 Bxd5 40. Nxd5 Rxd5+ 41. exd5 Ra2 42. Bc7 Bb4+ 43. Kd3 Kg8 44.
Bxe5 Kf8 45. Rxh5 gxh5 46. Rxh5 Ra1 47. Rxh7 Rg1 48. f4 Rg2 49. c3 Bc5 50.
b4 Bg1 51. Rh8+ Ke7 52. Rb8 1-0

[Event "XIX Carlos Torre Mem"]
[Site "Merida MEX"]
[Date "2006.12.19"]
[Round "7"]
[White "Hernandez,Gi"]
[Black "Fernandez,D USA"]
[Result "1/2-1/2"]
[WhiteElo "2551"]
[BlackElo "2451"]
[EventDate "2006.12.14"]

1. e4 e5 2. Nf3 Nc6 3. Bb5 Nf6 4. O-O Nxe4 5. d4 Nd6 6. Bxc6 dxc6 7. dxe5
Nf5 8. Qxd8+ Kxd8 9. Nc3 Ke8 10. h3 Ne7 11. b3 a5 12. Bb2 Ng6 13. Rad1 Be7
14. Rfe1 Be6 15. Nd4 Rd8 1/2-1/2

[Event "XIX Carlos Torre Mem"]
[Site "Merida MEX"]
[Date "2006.12.19"]
[Round "7"]
[White "Escobedo Tinajero,A"]
[Black "Morales Garcia,S"]
[Result "1-0"]
[WhiteElo "2383"]
[BlackElo "2230"]
[EventDate "2006.12.14"]

1. d4 Nf6 2. c4 c5 3. d5 e6 4. Nc3 exd5 5. cxd5 Bd6 6. e4 Bc7 7. d6 Ba5 8.
e5 O-O 9. exf6 Qxf6 10. Nf3 Bxc3+ 11. bxc3 Qxc3+ 12. Bd2 Re8+ 13. Be2 Qd3
14. Be3 Qc3+ 15. Kf1 b6 16. Rc1 Qf6 17. Bg5 Qf5 18. Be7 Ba6 19. Bxa6 Nxa6
20. a3 Nb8 21. Nh4 Qe4 22. Qc2 Qxc2 23. Rxc2 f6 24. Nf5 Nc6 25. f4 g6 26.
Ne3 Nxe7 27. dxe7 Rxe7 28. Nd5 Re6 29. Nc7 Rd6 30. Nxa8 Rd1+ 31. Ke2 Rxh1
32. Rd2 Kf7 33. Rxd7+ Ke6 34. Rxa7 Rb1 35. Nc7+ Kf5 36. Nd5 Rb3 37. Ra6 Ke4
38. Rxb6 Rxa3 39. Nxf6+ Kxf4 40. g3+ Kf5 41. Nxh7 Ra2+ 42. Kf3 Rxh2 43. g4+
Ke5 44. Ng5 Ra2 45. Re6+ Kd5 46. Rxg6 c4 47. Ne4 Ra8 48. Kf4 Rd8 49. g5 1-0

[Event "XIX Carlos Torre Mem"]
[Site "Merida MEX"]
[Date "2006.12.19"]
[Round "7"]
[White "Estrada Nieto,J"]
[Black "Arreguin Hernandez,A"]
[Result "1/2-1/2"]
[WhiteElo "2379"]
[BlackElo "2150"]
[EventDate "2006.12.14"]

1. e4 e5 2. Nf3 Nc6 3. Bb5 a6 4. Ba4 Nf6 5. O-O Be7 6. Re1 b5 7. Bb3 O-O 8.
d3 d6 9. c3 Na5 10. Bc2 c5 11. Nbd2 Qc7 12. Nf1 Nc6 13. Bg5 Rb8 14. Ne3 b4
15. Ba4 Be6 16. Bb3 Na5 17. Bxf6 Bxf6 18. Bd5 bxc3 19. bxc3 Rb5 20. Qa4
Rfb8 21. h3 g6 22. Rec1 Qd8 23. Qd1 h5 24. Rc2 Bg7 25. d4 cxd4 26. cxd4
Bxd5 27. Nxd5 exd4 28. Nxd4 Rxd5 29. exd5 Qf6 30. Rd2 Nc4 31. Rd3 Nb2 32.
Rb1 Rb4 33. Rxb2 Rxb2 34. Nf3 Rxa2 35. Qb3 Ra1+ 36. Rd1 Qb2 37. Qd3 Rxd1+
38. Qxd1 Qa1 39. Qxa1 Bxa1 40. Kf1 f6 41. Ke2 Bc3 42. Kd3 Bb4 43. g4 Bc5
44. Nd2 a5 45. Ne4 Kf7 46. Kc4 a4 47. f4 f5 48. gxf5 gxf5 49. Ng5+ Ke7 50.
Ne6 Kf6 51. Kc3 Ba3 52. Nd4 Bc1 53. Ne2 Bxf4 54. Nxf4 Kg5 55. Ne6+ Kh4 56.
Ng7 Kxh3 57. Nxf5 Kg4 58. Nxd6 Kf4 59. Ne4 Ke5 60. d6 Ke6 61. Kb4 h4 62.
Kxa4 h3 63. Ng5+ Kxd6 64. Nxh3 1/2-1/2

[Event "XIX Carlos Torre Mem"]
[Site "Merida MEX"]
[Date "2006.12.19"]
[Round "7"]
[White "Mitkov,N1"]
[Black "Gongora Montes,B"]
[Result "1-0"]
[WhiteElo "2565"]
[BlackElo "2256"]
[EventDate "2006.12.14"]

1. e4 e6 2. Nc3 d5 3. d4 Bb4 4. e5 Ne7 5. a3 Bxc3+ 6. bxc3 c5 7. Qg4 O-O 8.
Bd3 Nbc6 9. Nf3 f5 10. Qh3 Qa5 11. Bd2 Qa4 12. O-O cxd4 13. cxd4 Nxd4 14.
Bb4 Nxf3+ 15. Qxf3 Rf7 16. Rab1 Nc6 17. Bd6 Qg4 18. Qxg4 fxg4 19. Rfd1 b6
20. Be2 h5 21. h3 gxh3 22. Bxh5 g6 23. Bxg6 Rg7 24. Bh5 hxg2 25. Rb3 Ba6
26. Rg3 Rxg3 27. fxg3 Bf1 28. Rd2 Rc8 29. Bg4 Re8 30. Bh3 Na5 31. Rf2 Kg7
32. Rf6 Rh8 33. Bxg2 Bxg2 34. Kxg2 Re8 35. g4 Nc4 36. g5 Nd2 37. g6 Ne4 38.
Rf7+ Kxg6 39. Rxa7 Rc8 40. Bc7 Kf5 41. a4 Nc5 42. Bxb6 Kxe5 43. a5 Rc6 44.
Kf3 Na4 45. Rc7 Rd6 46. Bf2 Ra6 47. Bg3+ Kf6 48. Be1 Kf5 49. Rf7+ Kg6 50.
Rb7 Kf5 51. Ke3 e5 52. Rb5 Ke6 53. Kd3 Kd6 54. c4 Nc5+ 55. Kc2 dxc4 56. Bb4
Rc6 57. a6 Rxa6 58. Rxc5 Rc6 59. Ra5+ Ke6 60. Bc3 e4 61. Re5+ Kd7 62. Rxe4
Kd6 63. Rh4 Kd5 64. Rh5+ Ke6 65. Bb4 Rc8 66. Kc3 Kd7 67. Bc5 Ke6 68. Kxc4
Rg8 69. Rh1 Rg4+ 70. Bd4 Rg2 71. Rf1 Kd7 72. Rf7+ Ke6 73. Rf6+ Ke7 74. Ra6
1-0

[Event "XIX Carlos Torre Mem"]
[Site "Merida MEX"]
[Date "2006.12.19"]
[Round "7"]
[White "Hungaski,R"]
[Black "Altamirano Gonzalez,Y"]
[Result "0-1"]
[WhiteElo "2366"]
[BlackElo "2101"]
[EventDate "2006.12.14"]

1. Nf3 Nf6 2. c4 c5 3. Nc3 Nc6 4. d4 cxd4 5. Nxd4 g6 6. e4 d6 7. Be2 Bg7 8.
Be3 O-O 9. O-O Nxd4 10. Bxd4 Bd7 11. Qd2 Bc6 12. f3 Re8 13. b4 b6 14. Rfc1
Qd7 15. a4 Rec8 16. a5 Qd8 17. Bf1 Be8 18. Ra3 Nd7 19. Be3 Bxc3 20. Rcxc3
f6 21. f4 Bf7 22. Bf2 Rc7 23. Rh3 Rac8 24. axb6 axb6 25. e5 Qf8 26. exd6
exd6 27. Rad3 Bxc4 28. Rxd6 Qf7 29. Bxc4 Qxc4 30. Be3 Qb5 31. Qa2+ Kg7 32.
Rd1 Rc2 33. Qe6 Nf8 34. Qe7+ Kg8 35. Bf2 Re8 36. Qxf6 Rxf2 37. Kxf2 Qe2+
38. Kg3 Re3+ 0-1

[Event "XIX Carlos Torre Mem"]
[Site "Merida MEX"]
[Date "2006.12.19"]
[Round "7"]
[White "Alford,J"]
[Black "Huerta,Da"]
[Result "0-1"]
[WhiteElo "2294"]
[BlackElo "2338"]
[EventDate "2006.12.14"]

1. e4 c5 2. Nf3 d6 3. d4 cxd4 4. Nxd4 Nf6 5. Nc3 Bd7 6. Bc4 e6 7. Bb3 Na6
8. O-O Nc5 9. Re1 Be7 10. f4 Nxb3 11. axb3 O-O 12. e5 dxe5 13. fxe5 Ne8 14.
Ne4 f5 15. exf6 gxf6 16. Bh6 Rf7 17. Re3 e5 18. Rg3+ Ng7 19. Qh5 exd4 20.
Qd5 Kf8 21. Rxg7 Rxg7 22. Rf1 Be8 23. Nxf6 Bxf6 24. Qe5 Kg8 25. Rxf6 Qd7
26. Rf4 Bg6 27. Rxd4 Re7 28. Qc5 Qe6 0-1

[Event "XIX Carlos Torre Mem"]
[Site "Merida MEX"]
[Date "2006.12.19"]
[Round "7"]
[White "Ancheyta,A"]
[Black "Garcia Martinez,S"]
[Result "1/2-1/2"]
[WhiteElo "2175"]
[BlackElo "2316"]
[EventDate "2006.12.14"]

1. e4 c6 2. c4 e5 3. Nf3 Qa5 4. Be2 Nf6 5. O-O d6 6. d4 Bg4 7. b4 Qc7 8.
Bb2 Nbd7 9. Nbd2 Be7 10. c5 Bxf3 11. Nxf3 exd4 12. Nxd4 dxc5 13. Nf5 Bf8
14. bxc5 Nxc5 15. Bxf6 gxf6 16. Bc4 h5 17. e5 fxe5 18. Re1 f6 19. Be2 Qf7
20. Ng3 Qd5 21. Bxh5+ Kd8 22. Qe2 Kc7 23. Rad1 Qg8 24. Bg4 Be7 25. Ne4 Qh7
26. h3 Rad8 27. Ng3 Rxd1 28. Rxd1 Rd8 29. Bf5 Rxd1+ 30. Qxd1 Qg8 31. h4 b5
32. h5 Qg5 33. Bg6 Bf8 34. Qc2 a5 35. Ne4 Nxe4 36. Bxe4 c5 37. Qd1 f5 38.
Bf3 e4 39. Be2 f4 40. Bxb5 Bd6 41. Bf1 f3 42. Qa4 fxg2 43. Bxg2 Qc1+ 44.
Bf1 Qg5+ 45. Bg2 1/2-1/2

[Event "XIX Carlos Torre Mem"]
[Site "Merida MEX"]
[Date "2006.12.19"]
[Round "7"]
[White "Capo Vidal,U"]
[Black "Sanchez Enr.,O"]
[Result "0-1"]
[WhiteElo "2385"]
[BlackElo "2196"]
[EventDate "2006.12.14"]

1. d4 Nf6 2. c4 e6 3. Nf3 c5 4. d5 exd5 5. cxd5 d6 6. Nc3 g6 7. e4 a6 8. a4
Bg4 9. Be2 Bxf3 10. Bxf3 Nbd7 11. Bf4 Qe7 12. O-O Bg7 13. Re1 O-O 14. Bg3
Rfe8 15. Qc2 h5 16. Rad1 Nh7 17. Be2 h4 18. Bf4 Ne5 19. Bc1 g5 20. f3 Ng6
21. Bd3 Be5 22. Ne2 Qf6 23. Rf1 Nf4 24. g3 Nxe2+ 25. Qxe2 hxg3 26. hxg3
Bxg3 27. b3 Nf8 28. Kg2 Bf4 29. Bb2 Be5 30. Bc1 Ng6 31. Rh1 Kg7 32. Rh5 Rh8
33. Rdh1 Rxh5 34. Rxh5 Rh8 35. Rxh8 Kxh8 36. Be3 Bf4 37. Bf2 Qa1 38. Qf1
Qb2 39. Kh1 Qxb3 40. e5 Bxe5 41. Be4 Kg7 42. Qc1 f5 0-1

[Event "XIX Carlos Torre Mem"]
[Site "Merida MEX"]
[Date "2006.12.19"]
[Round "7"]
[White "Colli Lopez,S"]
[Black "Mata Gonzalez,J"]
[Result "0-1"]
[WhiteElo "2080"]
[BlackElo "2231"]
[EventDate "2006.12.14"]

1. Nf3 d5 2. d4 Nf6 3. c3 e6 4. e3 Nbd7 5. Bd3 Bd6 6. Nbd2 O-O 7. O-O e5 8.
e4 exd4 9. cxd4 dxe4 10. Nxe4 Nxe4 11. Bxe4 h6 12. Qb3 Nf6 13. Bd3 Be6 14.
Bc4 Bxc4 15. Qxc4 c6 16. Bd2 Nd5 17. Rfe1 Qf6 18. Ne5 Rfe8 19. Qe2 Re6 20.
Qh5 Rae8 21. Nf3 Rxe1+ 22. Rxe1 Rxe1+ 23. Bxe1 Qe6 24. g3 g6 25. Qxh6 Qe2
26. Kg2 Bf4 27. Ng5 Ne3+ 0-1

[Event "XIX Carlos Torre Mem"]
[Site "Merida MEX"]
[Date "2006.12.19"]
[Round "7"]
[White "De la Rosa,L"]
[Black "Soto,F"]
[Result "1-0"]
[WhiteElo "1918"]
[BlackElo "2113"]
[EventDate "2006.12.14"]

1. d4 Nf6 2. c4 e6 3. Nc3 d5 4. Bg5 c6 5. Nf3 Be7 6. e3 O-O 7. cxd5 exd5 8.
Bd3 Bg4 9. h3 Be6 10. O-O Nfd7 11. Bf4 h6 12. Rc1 Nf6 13. Qb3 Qc8 14. Nb5
Na6 15. Nd6 Bxd6 16. Bxd6 Rd8 17. Be7 Re8 18. Bxf6 gxf6 19. Bxa6 bxa6 20.
Qa4 Bd7 21. Rc5 Rb8 22. b3 Rb6 23. Rfc1 Kh8 24. Qa5 Qd8 25. Qd2 Kg7 26. Qd3
Re4 27. Nd2 Rh4 28. e4 Qe7 29. Qg3+ Rg4 30. hxg4 Rb4 31. Qc3 Rb8 32. exd5
cxd5 33. Rxd5 Bxg4 34. Qg3 1-0

[Event "XIX Carlos Torre Mem"]
[Site "Merida MEX"]
[Date "2006.12.19"]
[Round "7"]
[White "Varguez Baquedaro,A"]
[Black "Knight,S"]
[Result "0-1"]
[WhiteElo "2005"]
[BlackElo "2100"]
[EventDate "2006.12.14"]

1. e4 e5 2. Nf3 Nf6 3. Nxe5 d6 4. Nf3 Nxe4 5. d3 Nf6 6. d4 d5 7. Bd3 Be7 8.
O-O O-O 9. h3 c5 10. c3 c4 11. Bc2 Qc7 12. Re1 Nc6 13. Nbd2 Bd6 14. Nf1 Be6
15. Bg5 Nd7 16. Qd2 Rfe8 17. Bh4 Bf4 18. Qd1 Nf8 19. Bg3 Ng6 20. Ng5 Bxg3
21. Nxg3 Nf8 22. Nxe6 Rxe6 23. Rxe6 fxe6 24. Qg4 e5 25. dxe5 Qxe5 26. Rd1
Rd8 27. Nf5 g6 28. Ne3 b5 29. Qh4 d4 30. Ng4 Qe2 31. Qf6 h5 32. Nh6+ Kh7
33. Nf7 Qxc2 34. Qh8+ 0-1

[Event "XIX Carlos Torre Mem"]
[Site "Merida MEX"]
[Date "2006.12.19"]
[Round "7"]
[White "Rojas,Jo"]
[Black "Ramirez Garcia,J"]
[Result "1-0"]
[WhiteElo "2000"]
[BlackElo "2216"]
[EventDate "2006.12.14"]

1. c4 c5 2. Nf3 Nf6 3. g3 e6 4. Bg2 Nc6 5. O-O d5 6. d4 Be7 7. Nc3 O-O 8.
cxd5 Nxd5 9. e4 Ndb4 10. a3 Na6 11. d5 Na5 12. Bf4 exd5 13. Nxd5 Re8 14. b4
cxb4 15. axb4 Nc4 16. b5 Nc5 17. Qc2 Nb6 18. Bc7 Qd7 19. Bxb6 1-0

[Event "XIX Carlos Torre Mem"]
[Site "Merida MEX"]
[Date "2006.12.19"]
[Round "7"]
[White "Martin del Campo,J"]
[Black "Tapie,P"]
[Result "0-1"]
[WhiteElo "2218"]
[BlackElo "2059"]
[EventDate "2006.12.14"]

1. e4 c5 2. Nf3 d6 3. d4 cxd4 4. Nxd4 Nf6 5. Nc3 a6 6. Be2 e5 7. Nb3 Be7 8.
O-O Be6 9. f4 Qc7 10. Kh1 Nbd7 11. f5 Bc4 12. Be3 b5 13. Qd2 b4 14. Nd5
Nxd5 15. exd5 Nf6 16. Bxc4 Qxc4 17. Rad1 a5 18. Bg5 Ne4 19. Bxe7 Nxd2 20.
Nxd2 Qxd5 21. f6 gxf6 22. Bxf6 Rg8 23. Nf3 Qe6 24. Bh4 Rc8 25. Rd2 Rc4 26.
Rfd1 Rg6 27. h3 h6 28. Re1 Kf8 29. Kh2 e4 30. b3 Rc3 31. Nd4 Qe5+ 32. Kh1
Qf4 0-1

[Event "XIX Carlos Torre Mem"]
[Site "Merida MEX"]
[Date "2006.12.20"]
[Round "8"]
[White "Dominguez Aguilar,G"]
[Black "Quezada,Y"]
[Result "0-1"]
[WhiteElo "2378"]
[BlackElo "2515"]
[EventDate "2006.12.14"]

1. e4 c5 2. Nf3 e6 3. d4 cxd4 4. Nxd4 Nc6 5. c4 Nf6 6. Nc3 Bb4 7. Nxc6 dxc6
8. Qxd8+ Kxd8 9. Bd2 e5 10. O-O-O Bd7 11. Bd3 Bc5 12. f3 Kc7 13. g4 Be6 14.
Kc2 Rad8 15. Ne2 Nd7 16. b4 Be7 17. Bc3 f6 18. Ng3 g6 19. Nf1 h5 20. gxh5
Rxh5 21. Rg1 Bf7 22. Be2 Rh7 23. a3 Ra8 24. Rg2 Nf8 25. Ne3 Ne6 26. Bf1 Nf4
27. Rgd2 Be6 28. c5 Rah8 29. Nc4 Rh5 30. a4 Kc8 31. Kb1 Rxh2 32. Nd6+ Kb8
33. Nc4 Rxd2 34. Bxd2 Rh1 35. Kc2 Rxf1 36. Rxf1 Bxc4 37. Rh1 Nh5 38. Rh2
Kc7 39. Be3 Be6 40. Kc3 a6 41. Kd3 Bb3 42. a5 Bd1 43. Rf2 Bb3 44. Rh2 Kd7
45. Rg2 Bf7 46. Rd2 Ke6 47. Kc3 f5 48. Rg2 Bh4 49. Rg1 fxe4 50. fxe4 Nf4
51. Rd1 Ke7 52. Rd6 Be1+ 53. Bd2 Bxd2+ 54. Kxd2 g5 55. Rh6 g4 56. Rh8 g3
57. Ke3 g2 58. Kf2 Bg6 59. Rb8 Bxe4 0-1

[Event "XIX Carlos Torre Mem"]
[Site "Merida MEX"]
[Date "2006.12.20"]
[Round "8"]
[White "Nogueiras,J"]
[Black "Perez,Rod"]
[Result "1-0"]
[WhiteElo "2554"]
[BlackElo "2385"]
[EventDate "2006.12.14"]

1. d4 d5 2. c4 c6 3. Nc3 Nf6 4. Nf3 a6 5. g3 dxc4 6. Bg2 b5 7. Ne5 Bb7 8.
O-O e6 9. a4 Nd5 10. e4 Nxc3 11. bxc3 Nd7 12. f4 Be7 13. Ng4 O-O 14. Ne3 f5
15. g4 fxe4 16. g5 c5 17. Bh3 cxd4 18. Bxe6+ Kh8 19. cxd4 Nb6 20. g6 Rf6
21. f5 hxg6 22. Qg4 g5 23. h4 gxh4 24. Ng2 Rh6 25. Bxh6 gxh6 26. f6 Bxf6
27. Rad1 Bd5 28. Qg6 Bg5 29. Rf7 Qg8 30. Qf5 1-0

[Event "XIX Carlos Torre Mem"]
[Site "Merida MEX"]
[Date "2006.12.20"]
[Round "8"]
[White "Gonzalez Zamora,J"]
[Black "Vera,R"]
[Result "1/2-1/2"]
[WhiteElo "2517"]
[BlackElo "2510"]
[EventDate "2006.12.14"]

1. c4 Nf6 2. Nf3 c6 3. d4 d5 4. e3 e6 5. Bd3 dxc4 6. Bxc4 c5 7. O-O a6 8.
Bb3 b5 9. a4 b4 10. Nbd2 Bb7 11. a5 Nbd7 12. Qe2 Be7 13. Ne5 O-O 14. Ndc4
Qc7 15. Bd2 cxd4 16. exd4 Bd5 17. Bg5 h6 18. Nxd7 Bxc4 19. Bxc4 Qxd7 20.
Bxf6 Bxf6 21. Bxa6 Qxd4 22. Bb7 Qxb2 23. Qb5 Qe5 24. Qxb4 Qc7 25. Rfc1 Rxa5
26. Qxa5 Qxb7 27. Rab1 Qe4 28. Qe1 Qf5 29. Rc4 Rd8 30. Rd1 Rb8 31. Rdc1 Rb2
32. g3 Qd5 33. R4c2 Rxc2 34. Rxc2 Bd4 35. Qb1 g6 36. Qb4 e5 37. Qc4 Qf3 38.
Qe2 Qb7 39. Rc1 h5 40. Re1 Kg7 41. Qe4 Qxe4 42. Rxe4 f5 43. Re2 e4 44. Kg2
Bc5 45. f3 exf3+ 46. Kxf3 Bd4 47. Rd2 Bf6 48. Rd7+ Kg8 49. Ke3 Bb2 50. Kd3
Bf6 51. Kc4 Be5 52. Kd5 Bb2 53. Ke6 Bc3 54. Kd5 Bf6 55. Kc4 Be5 56. Kd3 Bf6
57. Ke3 Be5 58. Kf3 Kf8 59. h3 Kg8 60. g4 hxg4+ 61. hxg4 fxg4+ 62. Kxg4 Bf6
63. Kf4 Bc3 64. Kg5 Kf8 65. Kxg6 Ke8 66. Rh7 Kd8 67. Kf5 Kc8 68. Ke6 Kb8
69. Kd6 Ka8 70. Kd5 Bd2 1/2-1/2

[Event "XIX Carlos Torre Mem"]
[Site "Merida MEX"]
[Date "2006.12.20"]
[Round "8"]
[White "Ibarra Chami,L"]
[Black "Hernandez,Gi"]
[Result "0-1"]
[WhiteElo "2339"]
[BlackElo "2551"]
[EventDate "2006.12.14"]

1. e4 c5 2. Nc3 d6 3. Nge2 Nc6 4. g3 g6 5. Bg2 Bg7 6. d3 Rb8 7. O-O b5 8.
a3 e6 9. Be3 Nd4 10. Qd2 Ne7 11. Rfb1 O-O 12. a4 b4 13. Bxd4 cxd4 14. Nb5
Nc6 15. e5 Nxe5 16. Qxb4 Bb7 17. Qxd6 Nf3+ 18. Bxf3 Bxf3 19. Qxd8 Rfxd8 20.
Kf1 a6 21. Na3 Rb4 22. Nc4 e5 23. Ng1 Bd5 24. b3 e4 25. Nd2 f5 26. Re1 Bh6
27. f4 e3 28. Nc4 Bg7 29. Rad1 h6 30. Ke2 g5 31. Nf3 g4 32. Nfe5 Bxe5 33.
Nxe5 Rc8 34. Rc1 Rc3 35. Nc4 Kg7 36. Na3 h5 37. Nb1 Rc6 38. c3 Bf3+ 39. Kf1
Rxb3 40. Rc2 Rcb6 0-1

[Event "XIX Carlos Torre Mem"]
[Site "Merida MEX"]
[Date "2006.12.20"]
[Round "8"]
[White "Zapata,A"]
[Black "Huerta,Da"]
[Result "1-0"]
[WhiteElo "2470"]
[BlackElo "2338"]
[EventDate "2006.12.14"]

1. e4 e5 2. Nf3 d6 3. d4 exd4 4. Nxd4 g6 5. Nc3 Bg7 6. Be3 Nf6 7. Qd2 O-O
8. O-O-O Re8 9. f3 Nc6 10. g4 a6 11. Be2 Bd7 12. h4 b5 13. a3 Ne5 14. Bh6
Bh8 15. h5 c5 16. Nf5 b4 17. axb4 cxb4 18. Nd5 Nxd5 19. Qxd5 Be6 20. Qxd6
Qa5 21. Qf8+ 1-0

[Event "XIX Carlos Torre Mem"]
[Site "Merida MEX"]
[Date "2006.12.20"]
[Round "8"]
[White "Sanchez Enr.,O"]
[Black "Martin del Campo,R"]
[Result "1/2-1/2"]
[WhiteElo "2196"]
[BlackElo "2455"]
[EventDate "2006.12.14"]

1. e4 c5 2. Nf3 e6 3. d4 cxd4 4. Nxd4 Nf6 5. Bd3 Nc6 6. Nxc6 dxc6 7. Nd2 e5
8. O-O Be6 9. Qe1 Bc5 10. Nc4 Ng4 11. h3 h5 12. Bd2 Qh4 13. Ne3 Nxe3 14.
Bxe3 Bxh3 15. gxh3 Qxh3 16. Bxc5 Qg4+ 17. Kh2 Qh4+ 18. Kg2 Qg4+ 19. Kh2
1/2-1/2

[Event "XIX Carlos Torre Mem"]
[Site "Merida MEX"]
[Date "2006.12.20"]
[Round "8"]
[White "Altamirano Gonzalez,Y"]
[Black "Russek,G"]
[Result "0-1"]
[WhiteElo "2101"]
[BlackElo "2390"]
[EventDate "2006.12.14"]

1. e4 e6 2. d4 d5 3. exd5 exd5 4. c4 Nf6 5. Nc3 Bb4 6. Bd3 c5 7. Nge2 cxd4
8. Nxd4 O-O 9. O-O dxc4 10. Bxc4 Bg4 11. f3 Bc5 12. Be3 Nc6 13. Nce2 Be6
14. Bxe6 fxe6 15. Nc2 Bxe3+ 16. Nxe3 Qb6 17. Qb3 Qxb3 18. axb3 Rfd8 19.
Rfd1 Kf7 20. Rxd8 Rxd8 21. Rd1 Rxd1+ 22. Nxd1 Ke7 23. Ndc3 Kd6 24. Kf2 Kc5
25. Nf4 Kb4 26. Nxe6 Kxb3 27. Nd1 Kc2 28. Ke1 g6 29. Nc5 b6 30. Na4 Nd5 0-1

[Event "XIX Carlos Torre Mem"]
[Site "Merida MEX"]
[Date "2006.12.20"]
[Round "8"]
[White "Corrales,Fi"]
[Black "Varguez Baquedaro,A"]
[Result "1-0"]
[WhiteElo "2496"]
[BlackElo "2005"]
[EventDate "2006.12.14"]

1. e4 e6 2. d4 d5 3. e5 Qd7 4. Nd2 b6 5. Ndf3 Ba6 6. Bxa6 Nxa6 7. Ne2 Ne7
8. Ng3 c5 9. dxc5 bxc5 10. O-O Nb8 11. c4 d4 12. b4 cxb4 13. Nxd4 a6 14.
Qf3 Ra7 15. Be3 Rc7 16. Ne4 Nec6 17. Rfd1 Qc8 18. Qg3 Rd7 19. Nf3 Rxd1+ 20.
Rxd1 Nd7 21. Nd6+ Bxd6 22. Qxg7 Rf8 23. exd6 Nd8 24. Ne5 Nxe5 25. Qxe5 Qd7
26. Qg7 Nb7 1-0

[Event "XIX Carlos Torre Mem"]
[Site "Merida MEX"]
[Date "2006.12.20"]
[Round "8"]
[White "Tapie,P"]
[Black "Estrada Nieto,J"]
[Result "1/2-1/2"]
[WhiteElo "2059"]
[BlackElo "2379"]
[EventDate "2006.12.14"]

1. e4 e5 2. Nf3 Nc6 3. Bb5 a6 4. Ba4 Nf6 5. O-O Be7 6. Re1 b5 7. Bb3 d6 8.
c3 O-O 9. h3 Na5 10. Bc2 c5 11. d4 Qc7 12. Nbd2 Rd8 13. b3 Bd7 14. Nf1 Rac8
15. d5 c4 16. b4 Nb7 17. Ng3 a5 18. a3 Ra8 19. Be3 Ra6 20. Rc1 axb4 21.
axb4 Ra3 22. Bb1 Rda8 23. Qd2 g6 24. Nh2 Ne8 25. f4 exf4 26. Bxf4 Bf6 27.
Nf3 Be5 28. Rf1 Nd8 29. Bxe5 dxe5 30. Qh6 f6 31. Rf2 1/2-1/2

[Event "XIX Carlos Torre Mem"]
[Site "Merida MEX"]
[Date "2006.12.20"]
[Round "8"]
[White "Garcia Martinez,S"]
[Black "Rojas,Jo"]
[Result "1/2-1/2"]
[WhiteElo "2316"]
[BlackElo "2000"]
[EventDate "2006.12.14"]

1. e4 c5 2. Nf3 d6 3. d4 cxd4 4. Nxd4 Nf6 5. Nc3 g6 6. Be3 Bg7 7. f3 a6 8.
Qd2 Nbd7 9. Bh6 Bxh6 10. Qxh6 b5 11. a3 Bb7 12. O-O-O Qc7 13. g4 O-O-O
1/2-1/2

[Event "XIX Carlos Torre Mem"]
[Site "Merida MEX"]
[Date "2006.12.20"]
[Round "8"]
[White "Mata Gonzalez,J"]
[Black "Beltran,J"]
[Result "1/2-1/2"]
[WhiteElo "2231"]
[BlackElo "2154"]
[EventDate "2006.12.14"]

1. e4 e6 2. d4 d5 3. e5 c5 4. c3 Qb6 5. Nf3 Bd7 6. Bd3 cxd4 7. cxd4 Bb5 8.
O-O Bxd3 9. Qxd3 Nc6 10. Nc3 Nge7 11. Be3 Rd8 12. Na4 Qb4 13. b3 Nf5 14.
Bd2 Qe7 15. Rac1 Qd7 16. Bg5 Rc8 17. Nc5 Bxc5 18. Rxc5 O-O 19. Rfc1 h6 20.
Bd2 Nfe7 21. b4 a6 22. a4 Na7 23. Qb3 b6 24. R5c2 Rxc2 25. Rxc2 Rc8 26. Kf1
Rxc2 27. Qxc2 Qc6 28. Qxc6 Naxc6 29. g4 b5 30. a5 Kh7 31. Ke2 g6 32. Bc3
Kg7 33. Ne1 Nb8 34. Nd3 Nd7 35. Ke3 Kh7 36. f4 Kg7 37. Be1 Nc6 38. Bf2 h5
39. h3 hxg4 40. hxg4 f5 41. Kf3 Ne7 42. Bh4 Nc6 43. Bf2 Ne7 44. Kg3 Nc6 45.
Be3 Ne7 46. Bf2 Kf7 47. Kf3 Nb8 48. gxf5 gxf5 49. Ke3 Nd7 50. Kd2 Ng6 51.
Bg3 Ne7 52. Ne1 Nf8 53. Nf3 Nh7 54. Ke3 Nc8 55. Bh4 Kg6 56. Bf6 1/2-1/2

[Event "XIX Carlos Torre Mem"]
[Site "Merida MEX"]
[Date "2006.12.20"]
[Round "8"]
[White "Morales Garcia,S"]
[Black "De la Rosa,L"]
[Result "1/2-1/2"]
[WhiteElo "2230"]
[BlackElo "1918"]
[EventDate "2006.12.14"]

1. e4 c5 2. Nf3 Nc6 3. d4 cxd4 4. Nxd4 Nf6 5. Nc3 e5 6. Ndb5 d6 7. Bg5 a6
8. Na3 b5 9. Nd5 Be7 10. Bxf6 Bxf6 11. c3 O-O 12. Nc2 Bg5 13. a4 bxa4 14.
Nce3 Ne7 15. Qxa4 Be6 16. Bc4 Bxe3 17. Nxe3 Qc7 18. O-O Rfb8 19. Ra2 Rb6
20. Rd1 Rab8 21. h3 h6 22. Bxe6 fxe6 23. b4 Qxc3 24. Qd7 Qb3 25. Rc2 Kf7
26. Rc7 Re8 27. Rxd6 Rxd6 28. Qxd6 Qb1+ 29. Kh2 Qxe4 30. Ng4 h5 31. Nxe5+
Kf6 32. Nd7+ Kg6 33. Qg3+ Kh7 34. Ne5 h4 35. Qg5 Kg8 36. Ng4 Kf8 37. Qxh4
Qf4+ 38. Qg3 Qxg3+ 39. Kxg3 Nd5 40. Rb7 Re7 41. Rb8+ Re8 42. Rb7 Re7 43.
Rb8+ Re8 44. Rb7 1/2-1/2

[Event "XIX Carlos Torre Mem"]
[Site "Merida MEX"]
[Date "2006.12.20"]
[Round "8"]
[White "Arreguin Hernandez,A"]
[Black "Ramirez Martinez,H"]
[Result "0-1"]
[WhiteElo "2150"]
[BlackElo "2204"]
[EventDate "2006.12.14"]

1. e4 c5 2. Nf3 Nc6 3. d4 cxd4 4. Nxd4 Nf6 5. Nc3 e6 6. Ndb5 d6 7. Bf4 e5
8. Bg5 a6 9. Na3 b5 10. Bxf6 gxf6 11. Nd5 f5 12. Bd3 Be6 13. Qh5 Bg7 14.
O-O f4 15. c4 bxc4 16. Nxc4 O-O 17. g3 f5 18. gxf4 Bf7 19. Qh3 Bxd5 20.
exd5 Nd4 21. Rfd1 e4 22. Bf1 Nf3+ 23. Kh1 Rf6 24. Be2 Rh6 25. Qg3 Rxh2+ 26.
Qxh2 Nxh2 27. Kxh2 Qh4+ 28. Kg2 Qxf4 29. Rg1 Kh8 30. Rad1 Bf6 31. f3 Rg8+
32. Kf1 Rxg1+ 33. Kxg1 Qg3+ 34. Kh1 Qh3+ 35. Kg1 exf3 0-1